Historia de la Revolución Mexicana, 1924-1928 (Record no. 26457)
[ view plain ]
| 000 -LEADER | |
|---|---|
| fixed length control field | 01529cam a22003854a 4500 |
| 001 - CONTROL NUMBER | |
| control field | muse85084 |
| 003 - CONTROL NUMBER IDENTIFIER | |
| control field | MdBmJHUP |
| 005 - DATE AND TIME OF LATEST TRANSACTION | |
| control field | 20210127151628.0 |
| 006 - FIXED-LENGTH DATA ELEMENTS--ADDITIONAL MATERIAL CHARACTERISTICS | |
| fixed length control field | m o d |
| 007 - PHYSICAL DESCRIPTION FIXED FIELD--GENERAL INFORMATION | |
| fixed length control field | cr||||||||nn|n |
| 008 - FIXED-LENGTH DATA ELEMENTS--GENERAL INFORMATION | |
| fixed length control field | 190419s1977 mx o 00 0 spa d |
| 020 ## - INTERNATIONAL STANDARD BOOK NUMBER | |
| International Standard Book Number | 9786076284018 |
| 020 ## - INTERNATIONAL STANDARD BOOK NUMBER | |
| Canceled/invalid ISBN | 9681200225 |
| 020 ## - INTERNATIONAL STANDARD BOOK NUMBER | |
| Canceled/invalid ISBN | 9789681200220 |
| 020 ## - INTERNATIONAL STANDARD BOOK NUMBER | |
| Canceled/invalid ISBN | 9681200250 |
| 020 ## - INTERNATIONAL STANDARD BOOK NUMBER | |
| Canceled/invalid ISBN | 9681200713 |
| 020 ## - INTERNATIONAL STANDARD BOOK NUMBER | |
| Canceled/invalid ISBN | 9789681200718 |
| 020 ## - INTERNATIONAL STANDARD BOOK NUMBER | |
| Canceled/invalid ISBN | 9681200755 |
| 035 ## - SYSTEM CONTROL NUMBER | |
| System control number | (OCoLC)1078915095 |
| 040 ## - CATALOGING SOURCE | |
| Original cataloging agency | MdBmJHUP |
| Transcribing agency | MdBmJHUP |
| 041 ## - LANGUAGE CODE | |
| Language code of text/sound track or separate title | spa |
| 245 00 - TITLE STATEMENT | |
| Title | Historia de la Revolución Mexicana, 1924-1928 |
| Remainder of title | estado y sociedad con Calles / |
| Statement of responsibility, etc. | Jean Meyer... [et al.]. |
| 300 ## - PHYSICAL DESCRIPTION | |
| Extent | 1 online resource (v.) |
| 505 0# - FORMATTED CONTENTS NOTE | |
| Formatted contents note | CONTENIDO: v. 11.Estado y sociedad con calles . -- v. 12.Los inicios de la institucionalización . -- v. 13. El conflicto social y los gobiernos del maximatoL . -- v. 19. Mexico en la segunda guerra mundialL. -- v. 22. El afianzamiento de la estabilidad política .. -- v. 20. Civilismo y modernización del autoritarismo. |
| 506 0# - RESTRICTIONS ON ACCESS NOTE | |
| Terms governing access | Open Access |
| Standardized terminology for access restriction | Unrestricted online access |
| Source of term | star |
| 588 ## - SOURCE OF DESCRIPTION NOTE | |
| Source of description note | Description based on print version record. |
| 651 #0 - SUBJECT ADDED ENTRY--GEOGRAPHIC NAME | |
| Geographic name | Mexico |
| General subdivision | Historia |
| -- | Revolución, 1910-. |
| 655 #7 - INDEX TERM--GENRE/FORM | |
| Genre/form data or focus term | Electronic books. |
| Source of term | local |
| 710 2# - ADDED ENTRY--CORPORATE NAME | |
| Corporate name or jurisdiction name as entry element | Project Muse. |
| Relator term | distributor |
| 830 #0 - SERIES ADDED ENTRY--UNIFORM TITLE | |
| Uniform title | Book collections on Project MUSE. |
| 856 40 - ELECTRONIC LOCATION AND ACCESS | |
| Public note | Full text available: |
| Uniform Resource Identifier | <a href="https://muse.jhu.edu/book/74651/">https://muse.jhu.edu/book/74651/</a> |
| Withdrawn status | Lost status | Source of classification or shelving scheme | Damaged status | Not for loan | Home library | Current library | Shelving location | Date acquired | Total Checkouts | Date last seen | Uniform Resource Identifier | Price effective from | Koha item type |
|---|---|---|---|---|---|---|---|---|---|---|---|---|---|
| Digital Library | Digital Library | Online Access | 27.01.2021 | 27.01.2021 | https://muse.jhu.edu/book/74651/ | 27.01.2021 | eBook |